Antonio Eslava expone "Tres Libros de Artista" (Record no. 185368)
[ view plain ]
| 000 -LEADER | |
|---|---|
| campo de control de longitud fija | 01175nam a2200229 i 4500 |
| 001 - NÚMERO DE CONTROL | |
| campo de control | 185368 |
| 003 - IDENTIFICADOR DE NÚMERO DE CONTROL | |
| campo de control | SpMaBN |
| 005 - FECHA Y HORA DE LA ÚLTIMA TRANSACCIÓN | |
| campo de control | 20251011063201.0 |
| 008 - DATOS DE LONGITUD FIJA--INFORMACIÓN GENERAL | |
| campo de control de longitud fija | 160525s1989 sp a c |||| |dspa d |
| 080 ## - NÚMERO DE LA CLASIFICACIÓN DECIMAL UNIVERSAL | |
| Número de la Clasificación Decimal Universal | 7 Eslava, Antonio(083.824) |
| 100 1# - ENTRADA PRINCIPAL--NOMBRE DE PERSONA | |
| Nombre de persona | Eslava, Antonio, |
| Fechas asociadas al nombre | 1936- |
| 9 (RLIN) | 159644 |
| 245 10 - MENCIÓN DEL TÍTULO | |
| Título | Antonio Eslava expone "Tres Libros de Artista" |
| Resto del título | : Sala de Exposiciones de Calcografía Nacional, Madrid, 1989. |
| 260 ## - PUBLICACIÓN, DISTRIBUCIÓN, ETC. | |
| Lugar de publicación, distribución, etc. | Madrid : |
| Nombre del editor, distribuidor, etc. | Calcografía Nacional, |
| Fecha de publicación, distribución, etc. | 1989. |
| 300 ## - DESCRIPCIÓN FÍSICA | |
| Extensión | 61 p. : |
| Otras características físicas | il. ; |
| Dimensiones | 31 cm. |
| 505 8# - NOTA DE CONTENIDO CON FORMATO | |
| Nota de contenido con formato | Contiene: ; |
| Título | "Mar océana": seis aguafuertes: conmemorando el Quinto Centenario del descubrimiento de América / |
| Mención de responsabilidad | textos, José María de Areilza y Víctor Manuel Arbeloa. -- |
| Título | El "Encierro": xilografías / |
| Mención de responsabilidad | "Poema gráfico" por Julio Caro Baroja y "El hoy y el ayer de nosotros y el toro" por Miguel Javier Urmeneta. -- |
| Título | San Virila: acuarelas / |
| Mención de responsabilidad | Jorge Oteiza, Tomás Moral Contreras |
| 600 17 - PUNTO DE ACCESO ADICIONAL DE MATERIA--NOMBRE DE PERSONA | |
| Nombre de persona | Eslava, Antonio, |
| Fechas asociadas al nombre | 1936- |
| Subdivisión de forma | Exposiciones |
| Fuente del encabezamiento o término | |
| 9 (RLIN) | 159645 |
| 655 #7 - TERMINO DE INDIZACIÓN--GENERO/FORMA | |
| Fuente del término | tgfbne |
| 9 (RLIN) | 193628 |
| Datos o término principal de género/forma | Catálogos de exposiciones |
| 710 2# - ENTRADA AGREGADA--NOMBRE DE ENTIDAD CORPORATIVA | |
| Nombre de entidad corporativa o nombre de jurisdicción como elemento de entrada | Calcografía Nacional (España) |
| 9 (RLIN) | 2350 |
| 852 ## - LOCALIZACIÓN | |
| Ubicación | ES-MaACL |
| Número de control de estantería | 2330-F-13 |
| 942 ## - ELEMENTOS DE ENTRADA SECUNDARIOS (KOHA) | |
| Fuente del sistema de clasificación o colocación | Clasificación decimal universal |
| Estatus retirado | Estado de pérdida | Estado de daño | No para préstamo | Colección | Biblioteca de origen | Biblioteca actual | Ubicación en estantería | Fecha de adquisición | Fuente de adquisición | Total de préstamos | Signatura topográfica completa | Código de barras | Visto por última vez | Precio de reemplazo | Tipo de ítem Koha |
|---|---|---|---|---|---|---|---|---|---|---|---|---|---|---|---|
| Colección de folletos | Biblioteca del Ateneo de Madrid | Biblioteca del Ateneo de Madrid | Depósito folletos | 25/05/2016 | 2330-F-13 | 1195295 | 23/02/2023 | 23/02/2023 | Folleto |
